Python with machine learning (Record no. 397151)

MARC details
000 -LEADER
fixed length control field 00553 a2200217 4500
005 - DATE & TIME
control field 20260406114537.0
008 - FIXED-LENGTH DATA ELEMENTS--GENERAL INFORMATION
fixed length control field 260403b |||||||| |||| 00| 0 eng d
020 ## - ISBN
International Standard Book Number 9789352835102
Price Rs. 875.00
040 ## - CATALOGING SOURCE
Original cataloging agency VIVEKANANDA LIBRARY
082 ## - DDC NUMBER
Classification number 006.31
Book Number M726P
100 ## - MAIN ENTRY--PERSONAL NAME
Personal name Mohan, A Krishna
245 ## - TITLE STATEMENT
Title Python with machine learning
260 ## - PUBLICATION, DISTRIBUTION, ETC. (IMPRINT)
Name of publisher, distributor, etc S Chand
Date of publication, distribution, etc 2026
Place of publication, distribution, etc Noida
300 ## - PHYSICAL DESCRIPTION
Pages x, 678
650 ## - Subject
Subject Computer Science
650 ## - Subject
Subject Artifical Intelligence
650 ## - Subject
Subject Machine Learning
700 ## - Added Entry Personal Name
Added Entry Personal Name Mohan, T Murali
700 ## - Added Entry Personal Name
Added Entry Personal Name Karunakar
942 ## - ADDED ENTRY ELEMENTS (KOHA)
Koha item type Books
Holdings
Withdrawn status Lost status Source of classification or shelving scheme Damaged status Not for loan Location (home branch) Sublocation or collection (holding branch) Shelving location Date acquired Koha issues (times borrowed) Koha full call number Accession No. Koha date last seen Koha item type
    Dewey Decimal Classification     VIVEKANANDA LIBRARY VIVEKANANDA LIBRARY Vivekananda Library 18/03/2026   006.31 M726P 438799 18/03/2026 Books
    Dewey Decimal Classification     VIVEKANANDA LIBRARY VIVEKANANDA LIBRARY Vivekananda Library 18/03/2026   006.31 M726P 438798 18/03/2026 Books
    Dewey Decimal Classification     VIVEKANANDA LIBRARY VIVEKANANDA LIBRARY Vivekananda Library 18/03/2026   006.31 M726P 438802 18/03/2026 Books
    Dewey Decimal Classification     VIVEKANANDA LIBRARY VIVEKANANDA LIBRARY Vivekananda Library 18/03/2026   006.31 M726P 438801 18/03/2026 Books
    Dewey Decimal Classification     VIVEKANANDA LIBRARY VIVEKANANDA LIBRARY Vivekananda Library 18/03/2026   006.31 M726P 438800 18/03/2026 Books
© Designed and Maintained by Vivekananda Library, MDU Rohtak